Profit forecasts : how they are made, reviewed, and used (Record no. 54968)

MARC details
000 -LEADER
fixed length control field 00685nam a2200181 a 4500
008 - FIXED-LENGTH DATA ELEMENTS--GENERAL INFORMATION
fixed length control field 060316s1983 ||||||||||||||||| || u
020 ## - INTERNATIONAL STANDARD BOOK NUMBER
International Standard Book Number 0566022079
050 ## - LIBRARY OF CONGRESS CALL NUMBER
Classification number HB 3730 Pro
100 ## - MAIN ENTRY--PERSONAL NAME
Personal name Westwick, C. A
245 10 - TITLE STATEMENT
Title Profit forecasts : how they are made, reviewed, and used
Statement of responsibility, etc. edited by C.A. Westwick
260 ## - PUBLICATION, DISTRIBUTION, ETC.
Place of publication, distribution, etc. Aldershot :
Name of publisher, distributor, etc. Gower
Date of publication, distribution, etc. 1983
300 ## - PHYSICAL DESCRIPTION
Extent xiv, 248 p. : ill.
350 ## - PRICE (NR) (BK AM CF MU VM SE) [OBSOLETE]
Price 0.00
500 ## - GENERAL NOTE
General note Includes bibliography
650 ## - SUBJECT ADDED ENTRY--TOPICAL TERM
Topical term or geographic name entry element PROFIT FORECASTING
650 #0 - SUBJECT ADDED ENTRY--TOPICAL TERM
Topical term or geographic name entry element ECONOMIC FORECASTING--DEVELOPING COUNTRIES
995 ## - RECOMMENDATION 995 [LOCAL, UNIMARC FRANCE]
-- 0.00
-- CBU-MAIN LIBRARY (Kitwe)
-- 1
-- 22.95
-- 1
-- AVAILABLE
-- Annex Low-Usage Collection
Holdings
Withdrawn status Lost status Source of classification or shelving scheme Damaged status Not for loan Home library Current library Shelving location Date acquired Total Checkouts Full call number Barcode Date last seen Price effective from Koha item type
          CBU-MAIN LIBRARY, KITWE. CBU-MAIN LIBRARY, KITWE.   11/30/2022   HB 3730 Pro 002950 11/30/2022 11/30/2022 MONOGRAPH